[Event "Regionalliga NO 1314"]
[Site "Bayern"]
[Date "2014.01.19"]
[Round "5.1"]
[White "Wittmann, Karl"]
[Black "Hilge, Andreas"]
[Result "1/2-1/2"]
[WhiteElo "2054"]
[BlackElo "2131"]
[PlyCount "99"]
[EventDate "2013.10.13"]
[EventType "team-tourn"]
[EventRounds "9"]
[EventCountry "GER"]
[SourceTitle "EXT 2015"]
[Source "ChessBase"]
[SourceDate "2014.11.20"]
[SourceVersion "1"]
[SourceVersionDate "2014.11.20"]
[SourceQuality "1"]
[WhiteTeam "Fuerth SF"]
[BlackTeam "Kareth Lappersdorf II"]
[WhiteTeamCountry "GER"]
[BlackTeamCountry "GER"]

1. e4 d6 2. d4 e5 3. Nf3 Nf6 4. dxe5 Nxe4 5. Qd5 Nc5 6. Bg5 Be7 7. exd6 Qxd6 8. Nc3 Ne6 9. Qxd6 Bxd6 10. Nb5 Bc5 11. Bc4 Na6 12. 0-0-0 Bxf2 13. Rd2 Bc5 14. Re1 0-0 15. Bh4 h6 16. Bg3 Bb6 17. Ne5 Nac5 18. b4 Na6 19. c3 c5 20. Nd6 Nac7 21. Nexf7 Rxf7 22. Nxc8 Rxc8 23. Rxe6 Nxe6 24. Bxe6 Re8 25. Bxf7+ Kxf7 26. Rd7+ Re7 27. Rxe7+ Kxe7 28. Bf2 Kd6 29. Kc2 Kd5 30. Bg3 Kc4 31. Be5 g6 32. Bd6 a5 33. bxc5 Bxc5 34. Be5 a4 35. h3 h5 36. Bf6 Bb6 37. Bg7 Bc7 38. Bf6 b5 39. Bg7 Bg3 40. Bf6 Bd6 41. Bg7 Be7 42. Bh8 Bh4 43. Bg7 Be1 44. Bf6 Bg3 45. Bg7 g5 46. Bh6 g4 47. Bg7 gxh3 48. gxh3 Bd6 49. Bf6 Bf8 50. Bh8 1/2-1/2

[Event "Regionalliga NO 1213"]
[Site "Bayern"]
[Date "2012.11.25"]
[Round "3.3"]
[White "Seyb, Dieter"]
[Black "Hilge, Andreas"]
[Result "1/2-1/2"]
[WhiteElo "2204"]
[BlackElo "2118"]
[PlyCount "86"]
[EventDate "2012.10.14"]
[EventType "team-tourn"]
[EventRounds "9"]
[EventCountry "GER"]
[SourceTitle "EXT 2015"]
[Source "ChessBase"]
[SourceDate "2014.11.20"]
[SourceVersion "1"]
[SourceVersionDate "2014.11.20"]
[SourceQuality "1"]
[WhiteTeam "Forchheim II"]
[BlackTeam "Kareth Lappersdorf II"]
[WhiteTeamCountry "GER"]
[BlackTeamCountry "GER"]

1. e4 d6 2. d4 e5 3. Nf3 Nd7 4. Bc4 Be7 5. 0-0 c6 6. Qe2 h6 7. h3 Qc7 8. a4 g5 9. dxe5 dxe5 10. Rd1 Nf8 11. Nbd2 Ng6 12. Nf1 Nf4 13. Bxf4 gxf4 14. Qd3 Nf6 15. Qc3 Nd7 16. N1d2 Rh7 17. Ba2 f6 18. Be6 Nf8 19. Bxc8 Qxc8 20. Nh4 Qe6 21. Nb3 Nd7 22. Rd3 0-0-0 23. Rad1 Rhh8 24. Nf5 h5 25. Qa5 a6 26. Qc3 Nb8 27. Rxd8+ Rxd8 28. Rxd8+ Kxd8 29. Nc5 Bxc5 30. Qxc5 Nd7 31. Qb4 Kc7 32. b3 b6 33. f3 c5 34. Qd2 Kc6 35. c4 Kc7 36. Kf2 Nb8 37. Qd5 Qd7 38. Qxd7+ Kxd7 39. Ke2 Nc6 40. Kd3 Nd4 41. Ng7 Ke7 42. Kc3 a5 43. h4 Kf7 1/2-1/2

[Event "Regionalliga NO 1213"]
[Site "Bayern"]
[Date "2012.11.11"]
[Round "2.5"]
[White "Hilge, Andreas"]
[Black "Stoeckl, Stephan"]
[Result "0-1"]
[WhiteElo "2118"]
[BlackElo "2050"]
[PlyCount "72"]
[EventDate "2012.10.14"]
[EventType "team-tourn"]
[EventRounds "9"]
[EventCountry "GER"]
[SourceTitle "EXT 2015"]
[Source "ChessBase"]
[SourceDate "2014.11.20"]
[SourceVersion "1"]
[SourceVersionDate "2014.11.20"]
[SourceQuality "1"]
[WhiteTeam "Kareth Lappersdorf II"]
[BlackTeam "Schwandorf"]
[WhiteTeamCountry "GER"]
[BlackTeamCountry "GER"]

1. f4 d5 2. Nf3 c5 3. e3 Nf6 4. Be2 Nc6 5. 0-0 g6 6. b3 Bg7 7. Bb2 0-0 8. h3 b6 9. d3 Bb7 10. Nbd2 Ng4 11. hxg4 Bxb2 12. Rb1 Bg7 13. a4 Qc7 14. Nh2 h6 15. Qe1 Rad8 16. Qh4 e5 17. g5 Qe7 18. Ng4 exf4 19. Nf3 h5 20. Nf6+ Bxf6 21. gxf6 Qxe3+ 22. Rf2 Nd4 23. Nxd4 Qxd4 24. Bxh5 Rd6 25. Bg4 Rxf6 26. Qh6 Re8 27. Rbf1 Bc8 28. Bxc8 Rxc8 29. Kh1 Re8 30. g4 f3 31. Rh2 Rfe6 32. Qh7+ Kf8 33. Rxf3 Re1+ 34. Kg2 R8e2+ 35. Kg3 Rg1+ 36. Kh3 Qxg4# 0-1

[Event "Regionalliga NO 1011"]
[Site "Bayern"]
[Date "2011.04.10"]
[Round "9.6"]
[White "Hilge, Andreas"]
[Black "Walter, Thomas"]
[Result "0-1"]
[WhiteElo "2169"]
[BlackElo "2131"]
[PlyCount "52"]
[EventDate "2010.10.10"]
[EventType "team-tourn"]
[EventRounds "9"]
[EventCountry "GER"]
[SourceTitle "EXT 2012"]
[Source "ChessBase"]
[SourceDate "2011.11.24"]
[SourceVersion "1"]
[SourceVersionDate "2011.11.24"]
[SourceQuality "1"]
[WhiteTeam "Kareth Lappersdorf"]
[BlackTeam "Erlangen"]
[WhiteTeamCountry "GER"]
[BlackTeamCountry "GER"]

1. e4 e5 2. Nf3 Nc6 3. Bc4 Nf6 4. Ng5 d5 5. exd5 Nd4 6. c3 b5 7. Bf1 Nxd5 8. cxd4 Qxg5 9. Nc3 exd4 10. Bxb5+ Kd8 11. Bc6 Nf4 12. Qf3 dxc3 13. dxc3 Bd6 14. h4 Qe5+ 15. Be3 Nd3+ 16. Kf1 Rb8 17. b3 Ba6 18. Rd1 Nb2+ 19. c4 Nxd1 20. Qxd1 Ke7 21. Bd4 Qf4 22. g3 Qf5 23. Kg2 Rhd8 24. Bxg7 Be5 25. Qe2 f6 26. Be4 Qxe4+ 0-1

[Event "Regionalliga NO 1011"]
[Site "Bayern"]
[Date "2011.02.06"]
[Round "6.6"]
[White "Hilge, Andreas"]
[Black "Fischer, Ernst"]
[Result "1-0"]
[WhiteElo "2169"]
[BlackElo "1923"]
[PlyCount "65"]
[EventDate "2010.10.10"]
[EventType "team-tourn"]
[EventRounds "9"]
[EventCountry "GER"]
[SourceTitle "EXT 2012"]
[Source "ChessBase"]
[SourceDate "2011.11.24"]
[SourceVersion "1"]
[SourceVersionDate "2011.11.24"]
[SourceQuality "1"]
[WhiteTeam "Kareth Lappersdorf"]
[BlackTeam "Weiden"]
[WhiteTeamCountry "GER"]
[BlackTeamCountry "GER"]

1. e4 e6 2. b3 d5 3. Bb2 c5 4. Nc3 d4 5. Nb1 e5 6. Bb5+ Nd7 7. a4 a6 8. Be2 b6 9. d3 Bd6 10. Nd2 Ne7 11. Bf3 0-0 12. Ne2 Bb7 13. Ng3 Qc7 14. 0-0 g6 15. Qe2 Rae8 16. Nc4 f5 17. exf5 Bxf3 18. Qxf3 gxf5 19. Rfe1 Rf7 20. Bc1 b5 21. axb5 axb5 22. Ra7 Qxa7 23. Nxd6 Ref8 24. Nxf7 Rxf7 25. Bg5 f4 26. Bxe7 Rxe7 27. Nf5 Re6 28. Qg4+ Rg6 29. Ne7+ Kg7 30. Nxg6 hxg6 31. Qe6 Qc7 32. g3 fxg3 33. fxg3 1-0

[Event "Regionalliga NO 1011"]
[Site "Bayern"]
[Date "2011.01.16"]
[Round "5.6"]
[White "Zimmermann, Andre"]
[Black "Hilge, Andreas"]
[Result "1-0"]
[WhiteElo "1899"]
[BlackElo "2169"]
[PlyCount "95"]
[EventDate "2010.10.10"]
[EventType "team-tourn"]
[EventRounds "9"]
[EventCountry "GER"]
[SourceTitle "EXT 2012"]
[Source "ChessBase"]
[SourceDate "2011.11.24"]
[SourceVersion "1"]
[SourceVersionDate "2011.11.24"]
[SourceQuality "1"]
[WhiteTeam "Windischeschenbach"]
[BlackTeam "Kareth Lappersdorf"]
[WhiteTeamCountry "GER"]
[BlackTeamCountry "GER"]

1. d4 Nf6 2. Nf3 d5 3. c4 e6 4. Bg5 c6 5. Nc3 Be7 6. e3 h6 7. Bxf6 Bxf6 8. Qc2 Nd7 9. Bd3 0-0 10. 0-0-0 a5 11. h4 g6 12. g4 Bg7 13. Ne2 Qe7 14. Nf4 dxc4 15. Bxg6 fxg6 16. Nxg6 Qf7 17. Nxf8 Qxf8 18. Rh3 b5 19. g5 Qf5 20. Qxf5 exf5 21. gxh6 Bxh6 22. Rg1+ Kf7 23. Rhg3 c5 24. Rg6 Ra6 25. Rxa6 Bxa6 26. dxc5 Nxc5 27. Ne5+ Ke6 28. Rg6+ Kxe5 29. Rxh6 Bb7 30. Kd2 Bf3 31. Rb6 Ne4+ 32. Ke1 b4 33. Rb5+ Kf6 34. Rxa5 c3 35. bxc3 bxc3 36. Ra6+ Ke5 37. Rc6 Kd5 38. Rc8 Nc5 39. Rc7 Kc4 40. a4 Kb4 41. a5 Na6 42. Rc8 Bb7 43. Rf8 Be4 44. Rc8 Kb3 45. h5 Bb7 46. Rxc3+ Kxc3 47. h6 Be4 48. h7 1-0

[Event "Regionalliga NO 1011"]
[Site "Bayern"]
[Date "2010.12.12"]
[Round "4.5"]
[White "Leopold, Christian"]
[Black "Hilge, Andreas"]
[Result "1/2-1/2"]
[WhiteElo "1982"]
[BlackElo "2169"]
[PlyCount "77"]
[EventDate "2010.10.10"]
[EventType "team-tourn"]
[EventRounds "9"]
[EventCountry "GER"]
[SourceTitle "EXT 2012"]
[Source "ChessBase"]
[SourceDate "2011.11.24"]
[SourceVersion "1"]
[SourceVersionDate "2011.11.24"]
[SourceQuality "1"]
[WhiteTeam "Lauf"]
[BlackTeam "Kareth Lappersdorf"]
[WhiteTeamCountry "GER"]
[BlackTeamCountry "GER"]

1. e4 e5 2. Bc4 Nc6 3. Nc3 d6 4. d3 Be6 5. Bb3 g6 6. f4 Bg7 7. Nf3 Qd7 8. 0-0 0-0-0 9. Be3 h6 10. Qd2 Nge7 11. Rab1 f5 12. Bxe6 Qxe6 13. b4 d5 14. exd5 Nxd5 15. Nxd5 Qxd5 16. b5 Nd4 17. Nxe5 Bxe5 18. fxe5 g5 19. Bxd4 Qxd4+ 20. Qf2 f4 21. Rfe1 Rhe8 22. Re4 Qd5 23. Qxa7 Rxe5 24. Rxe5 Qxe5 25. Qa8+ Kd7 26. Qxb7 Re8 27. Qf3 Qc5+ 28. Qf2 Re3 29. h3 h5 30. Kf1 Qe5 31. a4 g4 32. hxg4 hxg4 33. Re1 Rxe1+ 34. Qxe1 Qh5 35. Qe4 Qh1+ 36. Ke2 f3+ 37. gxf3 Qh2+ 38. Ke3 g3 39. Qg4+ 1/2-1/2

[Event "Regionalliga NO 9798"]
[Site "Bayern"]
[Date "1998.??.??"]
[Round "?.1"]
[White "Hilge, Andreas"]
[Black "Stierhof, Michael"]
[Result "1-0"]
[WhiteElo "2200"]
[BlackElo "2120"]
[PlyCount "117"]
[EventDate "1997.10.??"]
[EventType "team-tourn"]
[EventRounds "9"]
[EventCountry "GER"]
[SourceTitle "EXT 2020"]
[Source "ChessBase"]
[SourceDate "2019.10.17"]
[SourceVersion "1"]
[SourceVersionDate "2019.10.17"]
[SourceQuality "1"]
[WhiteTeam "Furth im Wald"]
[BlackTeam "Nuernberg Grundig SC"]
[WhiteTeamCountry "GER"]
[BlackTeamCountry "GER"]

1. e4 d6 2. d4 Nf6 3. Nc3 c6 4. Be2 Nbd7 5. b3 e5 6. Bb2 Be7 7. Nf3 0-0 8. 0-0 b5 9. Qd3 a5 10. dxe5 dxe5 11. Rad1 Qc7 12. Rfe1 Bb4 13. a3 Nc5 14. Qd6 Qxd6 15. Rxd6 Bxc3 16. Bxc3 Ncxe4 17. Rxc6 Bd7 18. Rc7 Nd5 19. Rxd7 Nexc3 20. Bxb5 Nxb5 21. Rxd5 Nxa3 22. Rexe5 Nxc2 23. Rxa5 Rab8 24. Rab5 g6 25. h4 h5 26. Kh2 Rfd8 27. Kg3 Rxb5 28. Rxb5 Nd4 29. Nxd4 Rxd4 30. Re5 Kg7 31. f3 Rb4 32. Re3 Kf6 33. Kh3 Kf5 34. g3 f6 35. Rc3 Ke5 36. Kg2 Kd4 37. Rc6 Ke5 38. f4+ Kf5 39. Rc3 Kg4 40. Kf2 Kh3 41. Ke2 Kg4 42. Kd2 Rb6 43. Kc2 g5 44. fxg5 fxg5 45. hxg5 Kxg5 46. Re3 Kg4 47. Kc3 Rc6+ 48. Kd4 Rc1 49. b4 Rb1 50. Kc5 Rc1+ 51. Kd4 Rb1 52. Kc3 Kh3 53. Re5 Kg4 54. b5 Rc1+ 55. Kb4 Rb1+ 56. Kc5 Rb3 57. b6 Rxg3 58. b7 Rb3 59. Re4+ 1-0